15 Largest Cities in Slovenia🇸🇮 - Statistics

General Stats
  • This quiz has been taken 158 times
  • The average score is 10 of 15
Answer Stats
Population City % Correct
272k Ljubljana
100%
95k Maribor
98%
24k Koper
92%
37k Celje
85%
36k Kranj
82%
23k Novo Mesto
78%
11k Murska Sobota
64%
25k Velenje
64%
18k Ptuj
61%
12k Domzale
58%
13k Jesenice
53%
13k Kamnik
52%
13k Nova Gorica
50%
15k Trbovlje
46%
11k Skofja Loka
36%
No matching quizzes found
Score Distribution
Percent of People with Each Score
Percentile by Number Answered
Your Score History
You have not taken this quiz